[Event "Negombo op 2nd"]
[Site "Negombo"]
[Date "2016.08.17"]
[Round "9"]
[White "Askey, Roshell Nathasha"]
[Black "Kandearachchi, Niranga"]
[Result "0-1"]
[WhiteElo "1527"]
[BlackElo "1981"]
[PlyCount "112"]
[EventDate "2016.08.13"]
[EventType "swiss"]
[EventRounds "9"]
[EventCountry "SRI"]
[SourceTitle "EXT 2019"]
[Source "ChessBase"]
[SourceDate "2018.10.10"]
[SourceVersion "1"]
[SourceVersionDate "2018.10.10"]
[SourceQuality "1"]

1. e4 c5 2. Nf3 g6 3. d4 cxd4 4. Qxd4 Nf6 5. e5 Nc6 6. Qa4 Nd5 7. c3 Bg7 8. Qe4 Nb6 9. Bf4 0-0 10. Nbd2 d5 11. Qe3 d4 12. Nxd4 Nd5 13. Qg3 Nxd4 14. cxd4 Nb4 15. Qb3 a5 16. Nc4 Bf5 17. Rc1 Rc8 18. Be2 b5 19. Na3 Qxd4 20. Rxc8 Rxc8 21. Be3 Qxe5 22. 0-0 Be6 23. Qd1 Qxb2 24. Nxb5 Nxa2 25. Re1 Nc3 26. Nxc3 Bxc3 27. Rf1 Be5 28. h3 Qb3 29. Qb1 Qxb1 30. Rxb1 a4 31. Bc1 Bf5 32. Bg4 Bxb1 33. Bxc8 Bd6 34. Bb2 a3 35. Ba1 a2 36. g3 Kf8 37. Kf1 f6 38. f4 e5 39. Be6 Ke7 40. Bb3 exf4 41. gxf4 Bxf4 42. Kf2 Be5 43. Bxe5 fxe5 44. Bxa2 Bxa2 45. Ke3 Ke6 46. Ke4 g5 47. Kf3 h5 48. Kg3 Kf5 49. h4 g4 50. Kf2 Kf4 51. Kg2 g3 52. Kf1 Kf3 53. Kg1 g2 54. Kh2 Kf2 55. Kh3 Be6+ 56. Kh2 g1Q# 0-1

[Event "Negombo op 2nd"]
[Site "Negombo"]
[Date "2016.08.16"]
[Round "8"]
[White "Kumarasinghe, P Sandaru Kaushal"]
[Black "Askey, Roshell Nathasha"]
[Result "0-1"]
[WhiteElo "1233"]
[BlackElo "1527"]
[PlyCount "89"]
[EventDate "2016.08.13"]
[EventType "swiss"]
[EventRounds "9"]
[EventCountry "SRI"]
[SourceTitle "EXT 2019"]
[Source "ChessBase"]
[SourceDate "2018.10.10"]
[SourceVersion "1"]
[SourceVersionDate "2018.10.10"]
[SourceQuality "1"]

1. e4 e6 2. Nf3 d5 3. e5 c5 4. c3 Nc6 5. d4 Qb6 6. Be2 Bd7 7. 0-0 cxd4 8. cxd4 Nge7 9. Nc3 Nf5 10. Na4 Qa5 11. b3 Bb4 12. Bb2 b5 13. Nc5 Bxc5 14. dxc5 b4 15. Qc2 Qc7 16. Rfc1 Nfe7 17. Bb5 Ng6 18. Bxc6 Bxc6 19. Bd4 0-0 20. Qd2 a5 21. Be3 Nxe5 22. Nd4 Ng6 23. Re1 e5 24. Nxc6 Qxc6 25. Qc2 d4 26. Bd2 Rfc8 27. Rac1 Ra7 28. Qf5 f6 29. f4 Rf7 30. Rc4 Rfc7 31. fxe5 fxe5 32. Qc2 Qd5 33. Qd3 Rxc5 34. Rec1 Rxc4 35. bxc4 Qc5 36. g3 Re8 37. Qe4 Rc8 38. Qd3 Qc6 39. Qb3 e4 40. c5+ Kh8 41. Qc4 Ne5 42. Qf1 Nf3+ 43. Kg2 Nxd2 44. Qf4 Rd8 45. Qxd2 0-1

[Event "Negombo op 2nd"]
[Site "Negombo"]
[Date "2016.08.15"]
[Round "5"]
[White "Askey, Roshell Nathasha"]
[Black "Chamathka, Weerasinghe A Cheth"]
[Result "1-0"]
[WhiteElo "1527"]
[BlackElo "1162"]
[PlyCount "98"]
[EventDate "2016.08.13"]
[EventType "swiss"]
[EventRounds "9"]
[EventCountry "SRI"]
[SourceTitle "EXT 2019"]
[Source "ChessBase"]
[SourceDate "2018.10.10"]
[SourceVersion "1"]
[SourceVersionDate "2018.10.10"]
[SourceQuality "1"]

1. e4 c5 2. Nf3 d6 3. d4 cxd4 4. Nxd4 Nf6 5. Nc3 Nc6 6. f3 Bd7 7. Be3 e6 8. Qd2 Be7 9. Ndb5 d5 10. exd5 exd5 11. Nxd5 Nxd5 12. Qxd5 Nb4 13. Qd2 0-0 14. Nd4 Rc8 15. c3 Nd5 16. Be2 Nxe3 17. Qxe3 Bg5 18. Qd3 Re8 19. 0-0 a6 20. f4 Bf6 21. Bf3 Bb5 22. Qd2 Bxd4+ 23. cxd4 Bxf1 24. Rxf1 Qc7 25. Rd1 Qc2 26. Bxb7 Qxd2 27. Rxd2 Rc1+ 28. Kf2 a5 29. Bf3 Rec8 30. Be4 g6 31. g3 f5 32. Bd3 Rd8 33. Bc2 Rc8 34. Ba4 Rh1 35. Kg2 Rhc1 36. d5 Rd8 37. d6 Kf7 38. d7 Rc7 39. Rd5 Ke6 40. Rxa5 Kd6 41. Re5 Rc5 42. Re8 Rxd7 43. Bxd7 Kxd7 44. Re2 Kd6 45. Kh3 Rb5 46. Kh4 Kd5 47. Re5+ Kc6 48. Rxb5 Kxb5 49. Kg5 Kc4 1-0

[Event "SRI-ch (Women)"]
[Site "Malabe"]
[Date "2015.07.12"]
[Round "11"]
[White "Premanath, Dinushki"]
[Black "Askey, Roshell Nathasha"]
[Result "1-0"]
[WhiteElo "1833"]
[BlackElo "1606"]
[PlyCount "77"]
[EventDate "2015.07.04"]
[EventType "tourn"]
[EventRounds "13"]
[EventCountry "SRI"]
[SourceTitle "CBM 167 Extra"]
[Source "ChessBase"]
[SourceDate "2015.09.14"]
[SourceVersion "1"]
[SourceVersionDate "2015.09.14"]
[SourceQuality "1"]

1. e4 e6 2. d4 d5 3. Nc3 Bb4 4. exd5 exd5 5. Bd3 Be6 6. a3 Bxc3+ 7. bxc3 h6 8. Qf3 Nf6 9. h3 c6 10. Ne2 Qe7 11. Rb1 Bc8 12. 0-0 0-0 13. Ng3 Kh8 14. c4 dxc4 15. Bxc4 Nh7 16. Bd2 a5 17. Bf4 Qf6 18. Ne4 Qxd4 19. Nd6 Be6 20. Rfd1 Qf6 21. Rxb7 Bxc4 22. Nxc4 Ng5 23. Qg4 Qe6 24. Nb6 f5 25. Qh5 Ne4 26. Nxa8 Nc3 27. Bxb8 Nxd1 28. Qxd1 Qc8 29. Qb1 Re8 30. Qb2 Rg8 31. Be5 Qxa8 32. Bxg7+ Kh7 33. Bh8+ Kg6 34. Qf6+ Kh5 35. Qxf5+ Rg5 36. Qf3+ Kh4 37. g3+ Kxh3 38. g4+ Kh4 39. Qg3# 1-0

[Event "SRI-ch (Women)"]
[Site "Malabe"]
[Date "2015.07.10"]
[Round "8"]
[White "Askey, Roshell Nathasha"]
[Black "Abeysinghe, HMH Janandani"]
[Result "1-0"]
[WhiteElo "1606"]
[BlackElo "1519"]
[PlyCount "61"]
[EventDate "2015.07.04"]
[EventType "tourn"]
[EventRounds "13"]
[EventCountry "SRI"]
[SourceTitle "CBM 167 Extra"]
[Source "ChessBase"]
[SourceDate "2015.09.14"]
[SourceVersion "1"]
[SourceVersionDate "2015.09.14"]
[SourceQuality "1"]

1. e4 c5 2. Nf3 d6 3. d4 cxd4 4. Nxd4 Nf6 5. Nc3 g6 6. Be3 Bg7 7. f3 Nc6 8. Qd2 0-0 9. Bc4 Bd7 10. 0-0-0 Rb8 11. g4 b5 12. Nxc6 Bxc6 13. Bb3 a5 14. h4 a4 15. Bd5 Nxd5 16. Nxd5 Bxd5 17. Qxd5 b4 18. h5 e6 19. Qxd6 Qf6 20. Bd4 Qxf3 21. Bxg7 Qe3+ 22. Kb1 Kxg7 23. h6+ Kf6 24. g5+ Kxg5 25. Qe5+ Kg4 26. Rdg1+ Qxg1+ 27. Rxg1+ Kf3 28. Rg3+ Ke2 29. Qd4 Rbd8 30. Qe3+ Kf1 31. Rg1# 1-0

[Event "SRI-ch (Women)"]
[Site "Malabe"]
[Date "2015.07.10"]
[Round "7"]
[White "Saumy, Zainab"]
[Black "Askey, Roshell Nathasha"]
[Result "1/2-1/2"]
[WhiteElo "1570"]
[BlackElo "1606"]
[PlyCount "167"]
[EventDate "2015.07.04"]
[EventType "tourn"]
[EventRounds "13"]
[EventCountry "SRI"]
[SourceTitle "CBM 167 Extra"]
[Source "ChessBase"]
[SourceDate "2015.09.14"]
[SourceVersion "1"]
[SourceVersionDate "2015.09.14"]
[SourceQuality "1"]

1. e4 e6 2. d4 d5 3. Nc3 Bb4 4. e5 Ne7 5. a3 Bxc3+ 6. bxc3 c5 7. Qg4 Nf5 8. h4 cxd4 9. cxd4 Qc7 10. Qd1 Qc3+ 11. Bd2 Qxd4 12. Nf3 Qe4+ 13. Qe2 Qxe2+ 14. Bxe2 Nc6 15. g4 Nfd4 16. Nxd4 Nxd4 17. Bd3 Nf3+ 18. Ke2 Nxe5 19. g5 Nxd3 20. cxd3 b6 21. Rhc1 0-0 22. Rc7 Ba6 23. Bb4 Rfc8 24. Re7 Re8 25. Rc7 e5 26. Kd2 e4 27. d4 Rec8 28. Rd7 Bc4 29. Rg1 Rd8 30. Rc7 Bd3 31. Rgc1 Bc4 32. h5 g6 33. hxg6 hxg6 34. Be7 Re8 35. Bf6 Re6 36. Rh1 Rxf6 37. gxf6 b5 38. Ke3 a5 39. Kf4 b4 40. axb4 axb4 41. Rb7 b3 42. Ke5 Re8+ 43. Kd6 Re6+ 44. Kc5 Rxf6 45. Rb8+ Kg7 46. Rh2 Rf3 47. Kd6 Rf6+ 48. Kc5 Ra6 49. Rh3 Ra3 50. Kd6 Ra6+ 51. Ke7 Ra7+ 52. Kd6 Ra3 53. Ke5 Ra6 54. Rbh8 Re6+ 55. Kf4 Kf6 56. Rb8 g5+ 57. Ke3 Kf5 58. Rh7 f6 59. Ra7 Kg4 60. Ra1 Rc6 61. f3+ exf3 62. Rg1+ Kf5 63. Kxf3 Ra6 64. Rg2 Ra3 65. Rb2 Ra1 66. Rb4 Rf1+ 67. Kg2 Rf4 68. Rd2 g4 69. Kg3 Rf3+ 70. Kh2 Kf4 71. Rb6 g3+ 72. Kg2 Bf1+ 73. Kg1 f5 74. Re6 Bh3 75. Re1 g2 76. Rf2 b2 77. Rb1 Ke4 78. Rxf3 Kxf3 79. Rxb2 Kg4 80. Rb5 f4 81. Rxd5 f3 82. Rd8 Kg3 83. Rg8+ Bg4 84. Rf8 1/2-1/2

[Event "SRI-ch (Women)"]
[Site "Malabe"]
[Date "2015.07.05"]
[Round "4"]
[White "Askey, Roshell Nathasha"]
[Black "Gamage, Nethmi Nirasha"]
[Result "1-0"]
[WhiteElo "1606"]
[BlackElo "1580"]
[PlyCount "117"]
[EventDate "2015.07.04"]
[EventType "tourn"]
[EventRounds "13"]
[EventCountry "SRI"]
[SourceTitle "CBM 167 Extra"]
[Source "ChessBase"]
[SourceDate "2015.09.14"]
[SourceVersion "1"]
[SourceVersionDate "2015.09.14"]
[SourceQuality "1"]

1. e4 e6 2. d4 d5 3. e5 c5 4. c3 Nc6 5. Nf3 Bd7 6. Bd3 cxd4 7. cxd4 Qb6 8. Bc2 Nb4 9. Nc3 Nxc2+ 10. Qxc2 Qa6 11. Qe2 Qxe2+ 12. Kxe2 Rc8 13. a3 a5 14. Bd2 Ne7 15. Rhc1 Nf5 16. Ke1 f6 17. Ne2 Ra8 18. h4 h5 19. Nf4 Ne7 20. Kf1 Kf7 21. b4 axb4 22. Bxb4 Bc6 23. Re1 Bd7 24. Rab1 b5 25. Rbc1 Rc8 26. Rxc8 Bxc8 27. Nd3 Nc6 28. Bxf8 Rxf8 29. Rb1 Ba6 30. Nc5 Ra8 31. Kg1 fxe5 32. dxe5 Ke7 33. Rc1 Nd8 34. Nd4 Kf7 35. Nxa6 Rxa6 36. Nxb5 Nc6 37. Nd6+ Kg6 38. f4 Nd4 39. Rc7 Ne2+ 40. Kh2 Nxf4 41. Ne8 Kf5 42. Nxg7+ Kxe5 43. g3 Ne2 44. Rc2 Nd4 45. Ra2 Ke4 46. Nxh5 e5 47. g4 Kd3 48. g5 Nf3+ 49. Kg3 Ke3 50. Nf6 d4 51. Ng4+ Ke4 52. Re2+ Kd5 53. Kxf3 Rxa3+ 54. Kg2 e4 55. Nf6+ Kc5 56. Nxe4+ Kc4 57. Nd6+ Kc5 58. Ne4+ Kc4 59. g6 1-0

[Event "SRI-chB (Women)"]
[Site "Malabe"]
[Date "2015.06.21"]
[Round "6"]
[White "Abeysinghe, HMH Janandani"]
[Black "Askey, Roshell Nathasha"]
[Result "0-1"]
[WhiteElo "1444"]
[BlackElo "1637"]
[PlyCount "128"]
[EventDate "2015.05.19"]
[EventType "swiss"]
[EventRounds "10"]
[EventCountry "SRI"]
[SourceTitle "EXT 2016"]
[Source "ChessBase"]
[SourceDate "2015.10.08"]
[SourceVersion "1"]
[SourceVersionDate "2015.10.08"]
[SourceQuality "1"]

1. e4 e6 2. d4 d5 3. Nc3 Bb4 4. e5 Ne7 5. a3 Bxc3+ 6. bxc3 Ng6 7. Bd3 c5 8. f4 Qc7 9. Nf3 c4 10. Bxg6 hxg6 11. 0-0 Nc6 12. Be3 Bd7 13. Qd2 0-0-0 14. Rfb1 f6 15. Rb2 Rh5 16. Rab1 b6 17. h3 Rg8 18. Kf2 Qd8 19. Rh1 Qf8 20. Ra2 g5 21. Ke1 gxf4 22. Bxf4 fxe5 23. Bxe5 Qf5 24. Qf4 Qg6 25. Bd6 e5 26. Nxe5 Nxe5 27. Bxe5 Qxg2 28. Rh2 Qg5 29. Qxg5 Rxg5 30. Kd2 Rh5 31. Ra1 Rxh3 32. Rxh3 Bxh3 33. Rh1 Bf5 34. Rh5 Be4 35. Rg5 g6 36. Rg4 Rf8 37. Rf4 Rxf4 38. Bxf4 b5 39. Bg5 Kd7 40. Bf4 Ke6 41. Bb8 a6 42. Bc7 Kf5 43. Ke3 g5 44. Kf2 g4 45. Ba5 Bxc2 46. Bb4 Ke4 47. Ba5 Bd1 48. Bb4 Kd3 49. Ba5 Kc2 50. Bb4 Kb3 51. Kg3 Ka4 52. Bc5 a5 53. Kf2 Kb3 54. Bb6 Kxc3 55. Bxa5+ Kxd4 56. Bb4 c3 57. Ke1 c2 58. Bd2 Kc4 59. Bf4 Kb3 60. Bc1 Ka2 61. a4 bxa4 62. Kf2 Kb1 63. Bf4 c1Q 64. Bxc1 Kxc1 0-1

[Event "SRI-chB (Women)"]
[Site "Malabe"]
[Date "2015.06.20"]
[Round "3"]
[White "Askey, Roshell Nathasha"]
[Black "Dissanayake, RK Janani"]
[Result "1-0"]
[WhiteElo "1637"]
[BlackElo "1224"]
[PlyCount "81"]
[EventDate "2015.05.19"]
[EventType "swiss"]
[EventRounds "10"]
[EventCountry "SRI"]
[SourceTitle "EXT 2016"]
[Source "ChessBase"]
[SourceDate "2015.10.08"]
[SourceVersion "1"]
[SourceVersionDate "2015.10.08"]
[SourceQuality "1"]

1. e4 c6 2. d4 d5 3. exd5 cxd5 4. c4 Nf6 5. Nc3 e6 6. c5 Nc6 7. Bf4 Bd7 8. Nf3 Be7 9. Qb3 Na5 10. Qc2 Nc6 11. a3 0-0 12. Bd3 h6 13. b4 a6 14. Qd2 g5 15. Be5 Ng4 16. h3 Ngxe5 17. dxe5 f6 18. exf6 Bxf6 19. Rd1 Ne5 20. Nxe5 Bxe5 21. 0-0 Qf6 22. Ne2 Bc6 23. Bc2 d4 24. Qd3 Qg7 25. Bb3 Rfe8 26. Ng3 Bxg3 27. Qxg3 Kh8 28. Qg4 Bd5 29. Bxd5 exd5 30. Qxd4 Qxd4 31. Rxd4 Rad8 32. Rfd1 Re5 33. h4 Kg7 34. hxg5 hxg5 35. Rc1 Ra8 36. g3 Rc8 37. Kg2 Kf6 38. Rcd1 Rd8 39. Rh1 Rd7 40. Rh6+ Kf5 41. g4# 1-0

[Event "SRI-chB (Women)"]
[Site "Malabe"]
[Date "2015.05.19"]
[Round "1"]
[White "Askey, Roshell Nathasha"]
[Black "Tennakoonwela, Pamudie Sasankha"]
[Result "1/2-1/2"]
[WhiteElo "1637"]
[BlackElo "1377"]
[PlyCount "40"]
[EventDate "2015.05.19"]
[EventType "swiss"]
[EventRounds "10"]
[EventCountry "SRI"]
[SourceTitle "EXT 2016"]
[Source "ChessBase"]
[SourceDate "2015.10.08"]
[SourceVersion "1"]
[SourceVersionDate "2015.10.08"]
[SourceQuality "1"]

1. e4 c5 2. Nf3 d6 3. d4 cxd4 4. Nxd4 Nf6 5. Nc3 a6 6. h3 e6 7. Be3 Be7 8. Be2 Nc6 9. Nb3 b5 10. a3 Bb7 11. f4 Rc8 12. Bf3 Qc7 13. Qe2 Na5 14. Nxa5 Qxa5 15. 0-0 0-0 16. Bf2 Qc7 17. Bb6 Qb8 18. Rfd1 Qa8 19. Re1 Rc4 20. Bd4 Rfc8 1/2-1/2

[Event "World School-ch U11 Girls 9th"]
[Site "Porto Carras"]
[Date "2013.05.08"]
[Round "2"]
[White "Badelka, Olga"]
[Black "Askey, Roshell Nathasha"]
[Result "1-0"]
[WhiteElo "1754"]
[BlackElo "1440"]
[PlyCount "91"]
[EventDate "2013.05.07"]
[EventType "swiss"]
[EventRounds "9"]
[EventCountry "GRE"]
[SourceTitle "CBM 154 Extra"]
[Source "ChessBase"]
[SourceDate "2013.06.25"]
[SourceVersion "2"]
[SourceVersionDate "2013.06.25"]
[SourceQuality "1"]

1. d4 Nf6 2. c4 e6 3. Nc3 b6 4. Bg5 Be7 5. Nf3 Bb7 6. e3 d5 7. cxd5 Nxd5 8. Bxe7 Nxc3 9. Bxd8 Nxd1 10. Bxc7 Nxb2 11. Bxb8 Rxb8 12. Rb1 Rc8 13. Rxb2 0-0 14. Kd2 Rfd8 15. Bd3 Rd6 16. Rd1 Rcd8 17. Ke2 f6 18. Ne1 e5 19. dxe5 fxe5 20. Bc4+ Kh8 21. Rxd6 Rxd6 22. Rd2 Rxd2+ 23. Kxd2 g6 24. f3 Kg7 25. Kc3 Kf6 26. Bd3 Bd5 27. a3 Bb7 28. Nc2 h6 29. Be4 Ba6 30. Nb4 Bc8 31. Nd5+ Kf7 32. Kb4 a6 33. Nxb6 Be6 34. Bd5 Bxd5 35. Nxd5 Ke6 36. Nc7+ Kd6 37. Nxa6 Kc6 38. a4 Kb6 39. Nc5 Kc6 40. a5 Kc7 41. Kb5 g5 42. a6 Kb8 43. Kb6 e4 44. a7+ Ka8 45. Ne6 exf3 46. Nc7# 1-0